FAQ's in Oracle (Record no. 100)
[ view plain ]
| 000 -LEADER | |
|---|---|
| Fixed length control field | 00480nam a2200181 4500 |
| 003 - CONTROL NUMBER IDENTIFIER | |
| Control field | SEACOMEC |
| 005 - DATE AND TIME OF LATEST TRANSACTION | |
| Control field | 20240404122943.0 |
| 008 - FIXED-LENGTH DATA ELEMENTS--GENERAL INFORMATION | |
| Fixed length control field | 231005b |||||||| |||| 00| 0 eng d |
| 020 ## - INTERNATIONAL STANDARD BOOK NUMBER / ISBN | |
| Price | Rs. 75.00 |
| 040 ## - CATALOGING SOURCE | |
| Original cataloging agency | SEACOMEC |
| 082 ## - DEWEY DECIMAL CLASSIFICATION NUMBER | |
| Classification number | 005.7575 |
| Book Number | R161 |
| 100 1# - MAIN ENTRY--PERSONAL NAME | |
| Personal name | Rajaram, J. |
| 245 1# - TITLE STATEMENT | |
| Title | FAQ's in Oracle |
| Statement of responsibility | J. Rajaram |
| 260 ## - IMPRINT | |
| Place of publication | Chennai |
| Name of publisher | Scitech |
| Date of publication | 2005 |
| 650 ## - SUBJECT ADDED ENTRY--TOPICAL TERM | |
| Topical term | Computer programming, programs, data |
| 650 ## - SUBJECT ADDED ENTRY--TOPICAL TERM | |
| Topical term | Specific types of data files and databases |
| 942 ## - ADDED ENTRY ELEMENTS (KOHA) | |
| Koha item type | Books |
| Withdrawn status | Lost status | Source of classification | Damaged status | Not for loan | Home library | Current library | Date acquired | Total Checkouts | Call number | Accession number | Date last seen | Price effective from | Koha item type |
|---|---|---|---|---|---|---|---|---|---|---|---|---|---|
| Dewey Decimal Classification | SEACOM ENGINEERING COLLEGE | SEACOM ENGINEERING COLLEGE | 04/04/2024 | 005.7575 R161 | 4811 | 04/04/2024 | 04/04/2024 | Books | |||||
| Dewey Decimal Classification | SEACOM ENGINEERING COLLEGE | SEACOM ENGINEERING COLLEGE | 04/04/2024 | 005.7575 R161 | 4812 | 04/04/2024 | 04/04/2024 | Books | |||||
| Dewey Decimal Classification | SEACOM ENGINEERING COLLEGE | SEACOM ENGINEERING COLLEGE | 04/04/2024 | 005.7575 R161 | 4813 | 04/04/2024 | 04/04/2024 | Books | |||||
| Dewey Decimal Classification | SEACOM ENGINEERING COLLEGE | SEACOM ENGINEERING COLLEGE | 04/04/2024 | 005.7575 R161 | 4814 | 04/04/2024 | 04/04/2024 | Books | |||||
| Dewey Decimal Classification | SEACOM ENGINEERING COLLEGE | SEACOM ENGINEERING COLLEGE | 04/04/2024 | 005.7575 R161 | 4815 | 04/04/2024 | 04/04/2024 | Books |
